<?xml version="1.0" encoding="UTF-8"?>
<collection xmlns="http://www.loc.gov/MARC21/slim">
 <record>
  <leader>01486nam a22002177a 4500</leader>
  <controlfield tag="001">NCT_93131</controlfield>
  <controlfield tag="008">211125b        xxu||||| |||| 00| 0 vie d</controlfield>
  <datafield tag="999" ind1=" " ind2=" ">
   <subfield code="c">4608</subfield>
   <subfield code="d">4608</subfield>
  </datafield>
  <datafield tag="020" ind1=" " ind2=" ">
   <subfield code="c">68500</subfield>
  </datafield>
  <datafield tag="082" ind1="0" ind2="4">
   <subfield code="2">23rd ed.</subfield>
   <subfield code="a">005</subfield>
   <subfield code="b">C561</subfield>
  </datafield>
  <datafield tag="100" ind1="1" ind2=" ">
   <subfield code="a">Thạc Bình Cường</subfield>
  </datafield>
  <datafield tag="245" ind1="1" ind2="0">
   <subfield code="a">Kiểm thử và đảm bảo chất lượng phần mềm</subfield>
   <subfield code="c">Thạc Bình Cường, Nguyễn Đức Mận</subfield>
  </datafield>
  <datafield tag="260" ind1=" " ind2=" ">
   <subfield code="a">H.</subfield>
   <subfield code="b">Bách Khoa Hà Nội</subfield>
   <subfield code="c">2011</subfield>
  </datafield>
  <datafield tag="300" ind1=" " ind2=" ">
   <subfield code="a">229 tr.</subfield>
   <subfield code="b">Minh họa</subfield>
   <subfield code="c">24cm</subfield>
  </datafield>
  <datafield tag="520" ind1="3" ind2=" ">
   <subfield code="a">Giới thiệu những kiến thức và kỹ năng về việc kiểm thử phần mềm, các công đoạn, các loại, công cụ, xây dựng tài liệu, dữ liệu kiểm thử. Hướng dẫn cách xây quy trình đảm bảo chất lượng phần mềm. Giới thiệu tổng quát về hệ thống quản lý chất lượng, nguyên tắc, kỹ thuật... để đảm bảo chất lượng phần mềm.</subfield>
  </datafield>
  <datafield tag="653" ind1=" " ind2=" ">
   <subfield code="a">Công nghệ thông tin</subfield>
  </datafield>
  <datafield tag="700" ind1="1" ind2=" ">
   <subfield code="a">Nguyễn Đức Mận</subfield>
  </datafield>
  <datafield tag="942" ind1=" " ind2=" ">
   <subfield code="2">ddc</subfield>
   <subfield code="c">BK</subfield>
  </datafield>
  <datafield tag="952" ind1=" " ind2=" ">
   <subfield code="0">0</subfield>
   <subfield code="1">0</subfield>
   <subfield code="2">ddc</subfield>
   <subfield code="4">0</subfield>
   <subfield code="6">005_000000000000000_C561</subfield>
   <subfield code="7">0</subfield>
   <subfield code="9">21729</subfield>
   <subfield code="a">000001</subfield>
   <subfield code="b">000001</subfield>
   <subfield code="d">2021-11-25</subfield>
   <subfield code="o">005 C561</subfield>
   <subfield code="p">MD.19104</subfield>
   <subfield code="r">2021-11-25</subfield>
   <subfield code="v">68500.00</subfield>
   <subfield code="w">2021-11-25</subfield>
   <subfield code="y">BK</subfield>
  </datafield>
  <datafield tag="952" ind1=" " ind2=" ">
   <subfield code="0">0</subfield>
   <subfield code="1">0</subfield>
   <subfield code="2">ddc</subfield>
   <subfield code="4">0</subfield>
   <subfield code="6">005_000000000000000_C561</subfield>
   <subfield code="7">0</subfield>
   <subfield code="9">21730</subfield>
   <subfield code="a">000001</subfield>
   <subfield code="b">000001</subfield>
   <subfield code="d">2021-11-25</subfield>
   <subfield code="o">005 C561</subfield>
   <subfield code="p">MD.19105</subfield>
   <subfield code="r">2021-11-25</subfield>
   <subfield code="v">68500.00</subfield>
   <subfield code="w">2021-11-25</subfield>
   <subfield code="y">BK</subfield>
  </datafield>
  <datafield tag="980" ind1=" " ind2=" ">
   <subfield code="a">Thư viện Trường Đại học Nam Cần Thơ</subfield>
  </datafield>
 </record>
</collection>
